[Event "Stockholm Hotel N IM 3rd"]
[Site "Upplands Vasby"]
[Date "2025.06.11"]
[Round "5"]
[White "Paragua, Megan Althea"]
[Black "Seiger, Vidar"]
[Result "0-1"]
[WhiteElo "2278"]
[BlackElo "2224"]
[PlyCount "120"]
[EventDate "2025.06.09"]
[EventType "tourn"]
[EventRounds "9"]
[EventCountry "SWE"]
[EventCategory "1"]
[SourceTitle "CB26_2025"]
[SourceDate "2025.06.25"]
[SourceVersion "1"]
[SourceVersionDate "2025.06.25"]
[SourceQuality "1"]

1. e4 c5 2. Nf3 g6 3. c3 Nc6 4. Bc4 Nf6 5. e5 d5 6. Bb5 Nd7 7. d4 Bg7 8. 0-0 0-0 9. Be3 Qb6 10. Na3 cxd4 11. cxd4 Rd8 12. Rc1 Nf8 13. Bxc6 bxc6 14. Qc2 Bf5 15. Qc3 Rdb8 16. b3 a5 17. Bg5 Qb4 18. Qb2 Ne6 19. Bd2 Qb6 20. Nc2 h6 21. h3 g5 22. Qc3 Be4 23. Nce1 Ra6 24. Be3 a4 25. Nd2 Bg6 26. Nd3 axb3 27. axb3 f6 28. exf6 Bxf6 29. Nc5 Nxc5 30. Qxc5 Qxc5 31. Rxc5 Rb4 32. Rfc1 Be8 33. Nf3 Rxb3 34. Ne5 Bxe5 35. dxe5 Ra4 36. Rd1 Rbb4 37. Rcc1 Re4 38. Rb1 Rxe5 39. Rb8 Kf7 40. Rd8 Ree4 41. Bc5 Rec4 42. Bb6 Rab4 43. Bc7 Rb7 44. Be5 Rd7 45. Rc8 d4 46. Rd3 Rd5 47. Bh8 Bd7 48. Rd8 c5 49. Rf3+ Ke6 50. Rg8 Kd6 51. Rd3 Rc1+ 52. Kh2 Bf5 53. Rd2 d3 54. g4 Rc2 55. Rd1 Be4 56. Kg3 Kd7 57. Rb8 d2 58. Rb7+ Ke8 59. Rb8+ Kf7 60. f3 Rd3 0-1

[Event "Titled Tuesday intern op 04th Feb Late"]
[Site "Chess.com INT"]
[Date "2025.02.04"]
[Round "1"]
[White "Paragua, Megan Althea"]
[Black "Vila Dupla, Aurelio"]
[Result "1-0"]
[WhiteElo "2160"]
[BlackElo "2056"]
[PlyCount "77"]
[EventDate "2025.02.04"]
[EventType "swiss (blitz)"]
[EventRounds "11"]
[EventCountry "USA"]
[SourceTitle "CB07_2025"]
[SourceDate "2025.02.12"]
[SourceVersion "1"]
[SourceVersionDate "2025.02.12"]
[SourceQuality "1"]

1. e4 c5 2. Nf3 d6 3. d4 cxd4 4. Qxd4 Nc6 5. Bb5 Bd7 6. Bxc6 Bxc6 7. Nc3 Nf6 8. Bg5 e6 9. 0-0-0 Be7 10. Rhe1 0-0 11. Kb1 Qa5 12. Qd2 Rfc8 13. Nd4 Qd8 14. f3 a6 15. g4 Rc7 16. h4 Nd7 17. Bxe7 Qxe7 18. Nd5 exd5 19. exd5 Qxh4 20. dxc6 Ne5 21. Nf5 Qf6 22. Qxd6 Qxd6 23. Rxd6 Nxc6 24. c4 g6 25. Ng3 Kg7 26. b3 Rd8 27. Ne4 Rcd7 28. Rxd7 Rxd7 29. Nc5 Rc7 30. Ne4 Re7 31. Rd1 f6 32. Kc2 f5 33. gxf5 gxf5 34. Nd6 Kf6 35. c5 Re3 36. Nxb7 Ne5 37. Rd6+ Kg5 38. c6 Nxf3 39. c7 1-0

[Event "Wch Blitz (Women)"]
[Site "New York"]
[Date "2024.12.30"]
[Round "3"]
[White "Kosteniuk, Alexandra"]
[Black "Paragua, Megan Althea"]
[Result "1-0"]
[WhiteElo "2484"]
[BlackElo "2185"]
[PlyCount "105"]
[EventDate "2024.12.30"]
[EventType "swiss (blitz)"]
[EventRounds "11"]
[EventCountry "USA"]
[SourceTitle "CB01_2025"]
[SourceDate "2025.01.01"]
[SourceVersion "1"]
[SourceVersionDate "2025.01.01"]
[SourceQuality "1"]

1. e4 c5 2. d4 cxd4 3. Qxd4 Nc6 4. Qd3 d6 5. Nc3 Nf6 6. Nf3 g6 7. Be2 Bg7 8. 0-0 0-0 9. Nd5 Nxd5 10. exd5 Ne5 11. Nxe5 Bxe5 12. c3 Bf5 13. Qd1 a6 14. a4 Qc7 15. Bh6 Rfc8 16. Qd2 Qc5 17. a5 Bg7 18. Be3 Qc7 19. g4 Bd7 20. Bb6 Qb8 21. f4 f5 22. g5 Re8 23. Bc4 Qc8 24. Qd3 e5 25. dxe6 Bxe6 26. Bxe6+ Qxe6 27. Rad1 Bf8 28. c4 Rac8 29. b3 Qe2 30. Qd5+ Qe6 31. Qxb7 Re7 32. Qd5 Qxd5 33. Rxd5 Re2 34. Rfd1 Rb2 35. R5d3 Re8 36. Bd4 Ra2 37. Bc3 Ree2 38. R3d2 Raxd2 39. Rxd2 Re4 40. Rd4 Re3 41. Bb4 Rxb3 42. Bxd6 Bg7 43. Rd5 Kf7 44. Bc7 Rc3 45. Rd7+ Ke6 46. Rxg7 Rxc4 47. Rxh7 Kd5 48. Kf2 Rc2+ 49. Ke3 Rc3+ 50. Kd2 Ra3 51. h4 Kd4 52. Rd7+ Kc4 53. Be5 1-0

[Event "Wch Blitz (Women)"]
[Site "New York"]
[Date "2024.12.30"]
[Round "7"]
[White "Munkhzul, Turmunkh"]
[Black "Paragua, Megan Althea"]
[Result "0-1"]
[WhiteElo "2301"]
[BlackElo "2185"]
[PlyCount "190"]
[EventDate "2024.12.30"]
[EventType "swiss (blitz)"]
[EventRounds "11"]
[EventCountry "USA"]
[SourceTitle "CB01_2025"]
[SourceDate "2025.01.01"]
[SourceVersion "1"]
[SourceVersionDate "2025.01.01"]
[SourceQuality "1"]

1. e4 c5 2. d4 cxd4 3. Qxd4 Nc6 4. Qd3 d6 5. Nf3 Nf6 6. Nc3 g6 7. Be2 Bg7 8. 0-0 0-0 9. h3 a6 10. Rd1 b5 11. Bg5 Bb7 12. Qe3 Nd7 13. Bh6 Qb6 14. Qd2 Nce5 15. Nxe5 Nxe5 16. Nd5 Bxd5 17. exd5 Rac8 18. Bxg7 Kxg7 19. c3 Nc4 20. Qc2 Qc5 21. Bf1 Nb6 22. Qe4 Rfe8 23. Qf3 e6 24. dxe6 Rxe6 25. Rd4 Rce8 26. Rad1 R8e7 27. Qg3 Na4 28. Rd5 Qc7 29. R5d2 Nc5 30. f3 Nb7 31. Qf2 Qc5 32. Rd4 h5 33. Kh1 Nd8 34. Qd2 Nb7 35. Bd3 Qe5 36. Be4 Nc5 37. Bd5 Rf6 38. b4 Qg3 39. bxc5 dxc5 40. Re4 Rd7 41. Qb2 c4 42. Red4 Re7 43. Be4 Rfe6 44. Qd2 f5 45. Rd7 fxe4 46. fxe4 Rxe4 47. Rxe7+ Rxe7 48. Rf1 Qe3 49. Qd6 Rf7 50. Rg1 Qxc3 51. Qxa6 Qe5 52. a4 bxa4 53. Qxc4 Ra7 54. Qc1 a3 55. Re1 Qf6 56. Qc5 Qf7 57. Qd4+ Kh7 58. Qa1 a2 59. Rf1 Qe7 60. Rd1 g5 61. Qd4 Qf7 62. Qd3+ Qg6 63. Qd4 Qg7 64. Qe4+ Qg6 65. Qe3 Qg7 66. Qe4+ Qg6 67. Qd4 Qg7 68. Qd3+ Qg6 69. Qd4 Qg7 70. Qe4+ Qg6 71. Qe1 Qf6 72. Ra1 Kg7 73. Qc1 Qe5 74. Qd1 Kf6 75. Qf1+ Kg7 76. Qd1 g4 77. hxg4 hxg4 78. Qxg4+ Kh8 79. Qc8+ Kg7 80. Qc1 Qh5+ 81. Kg1 Qe5 82. Kh1 Ra6 83. Kg1 Qd4+ 84. Kh2 Rh6+ 85. Kg3 Qe5+ 86. Kf2 Rf6+ 87. Kg1 Qd4+ 88. Kh2 Rh6+ 89. Kg3 Qh4+ 90. Kf3 Rf6+ 91. Ke3 Qf4+ 92. Ke2 Re6+ 93. Kd3 Qe4+ 94. Kd2 Rd6+ 95. Kc3 Rc6+ 0-1

[Event "Wch Blitz (Women)"]
[Site "New York"]
[Date "2024.12.30"]
[Round "11"]
[White "Sliwicka, Alicja"]
[Black "Paragua, Megan Althea"]
[Result "1-0"]
[WhiteElo "2346"]
[BlackElo "2185"]
[PlyCount "171"]
[EventDate "2024.12.30"]
[EventType "swiss (blitz)"]
[EventRounds "11"]
[EventCountry "USA"]
[SourceTitle "CB01_2025"]
[SourceDate "2025.01.01"]
[SourceVersion "1"]
[SourceVersionDate "2025.01.01"]
[SourceQuality "1"]

1. e4 c5 2. Nf3 e6 3. d4 cxd4 4. Nxd4 Nf6 5. Nc3 Nc6 6. Bf4 Bb4 7. Ndb5 Nxe4 8. Qf3 d5 9. Nc7+ Kf8 10. Nxa8 Qa5 11. a3 Nxc3 12. Rc1 Be7 13. Qxc3 Qxc3+ 14. bxc3 e5 15. Be3 Bd6 16. Bb5 Bd7 17. Rd1 Ke7 18. Nb6 axb6 19. Rxd5 Be6 20. Rd1 Bxa3 21. Bxb6 Rc8 22. 0-0 f6 23. Bd3 g6 24. Rb1 Bd6 25. Be3 Rc7 26. Rb6 f5 27. f3 Nd8 28. Bg5+ Kd7 29. Rxd6+ Kxd6 30. Bxd8 Rxc3 31. Rb1 Bd5 32. Ba5 Rc8 33. Rb6+ Bc6 34. Rb1 Bd5 35. Kf2 e4 36. fxe4 fxe4 37. c4 exd3 38. cxd5 Kxd5 39. Rxb7 Rc2+ 40. Kf3 d2 41. Rd7+ Ke6 42. Rxd2 Rc5 43. Bb4 Rb5 44. Bc3 Rb3 45. Rd3 Kf5 46. g4+ Ke6 47. Re3+ Kf7 48. h4 h5 49. g5 Rb1 50. Kg3 Rg1+ 51. Kh2 Rg4 52. Rf3+ Kg8 53. Be1 Re4 54. Bg3 Re2+ 55. Kh3 Kg7 56. Bf2 Re4 57. Ra3 Rf4 58. Bg3 Rf1 59. Ra7+ Kg8 60. Be5 Rf5 61. Bf6 Rf3+ 62. Kg2 Rf4 63. Rg7+ Kf8 64. Rxg6 Rxh4 65. Rh6 Kf7 66. Kg3 Rg4+ 67. Kh3 Rg1 68. Rxh5 Kg6 69. Rh6+ Kf5 70. Kh2 Rg4 71. Rh8 Ra4 72. Rd8 Ra2+ 73. Kg3 Ra3+ 74. Kf2 Ra2+ 75. Ke3 Ra3+ 76. Rd3 Ra4 77. Bd8 Rh4 78. Rd5+ Kg6 79. Rd6+ Kf5 80. Rf6+ Ke5 81. Rf3 Rg4 82. Kf2 Ke6 83. Rf6+ Ke5 84. g6 Rd4 85. g7 Rg4 86. Rf8 1-0

[Event "Wch Rapid (Women)"]
[Site "New York"]
[Date "2024.12.27"]
[Round "5"]
[White "Heinemann, Josefine"]
[Black "Paragua, Megan Althea"]
[Result "1/2-1/2"]
[WhiteElo "2218"]
[BlackElo "2017"]
[PlyCount "74"]
[EventDate "2024.12.26"]
[EventType "swiss (rapid)"]
[EventRounds "11"]
[EventCountry "USA"]
[SourceTitle "CB01_2025"]
[SourceDate "2025.01.01"]
[SourceVersion "1"]
[SourceVersionDate "2025.01.01"]
[SourceQuality "1"]

1. e4 c5 2. c3 Nf6 3. e5 Nd5 4. d4 cxd4 5. cxd4 d6 6. Nf3 Nc6 7. Bc4 Nb6 8. Bb5 dxe5 9. Nxe5 Bd7 10. Nxd7 Qxd7 11. Nc3 a6 12. Bxc6 bxc6 13. 0-0 g6 14. Qb3 Nd5 15. Nxd5 cxd5 16. Bf4 Bg7 17. Rac1 0-0 18. Rc7 Qb5 19. Rxe7 Bxd4 20. Rb7 Qc5 21. Bh6 Bg7 22. Bxg7 Kxg7 23. Rd1 Rae8 24. g3 Re5 25. Qd3 Rfe8 26. Qxa6 Re1+ 27. Rxe1 Rxe1+ 28. Kg2 Qc1 29. Qd3 Rd1 30. Qe2 Rg1+ 31. Kf3 Qg5 32. Qd3 Qh5+ 33. Kf4 Qh6+ 34. Kf3 Qh5+ 35. Kf4 Qh6+ 36. Kf3 Qh5+ 37. Kf4 Qh6+ 1/2-1/2

[Event "Wch Rapid (Women)"]
[Site "New York"]
[Date "2024.12.27"]
[Round "7"]
[White "Priyanka, Nutakki"]
[Black "Paragua, Megan Althea"]
[Result "0-1"]
[WhiteElo "2256"]
[BlackElo "2017"]
[PlyCount "124"]
[EventDate "2024.12.26"]
[EventType "swiss (rapid)"]
[EventRounds "11"]
[EventCountry "USA"]
[SourceTitle "CB01_2025"]
[SourceDate "2025.01.01"]
[SourceVersion "1"]
[SourceVersionDate "2025.01.01"]
[SourceQuality "1"]

1. Nf3 Nf6 2. b3 d5 3. e3 e6 4. Bb2 Be7 5. c4 0-0 6. Be2 b6 7. 0-0 Bb7 8. d4 Nbd7 9. Nbd2 c5 10. cxd5 Bxd5 11. Rc1 Bb7 12. Qc2 Rc8 13. Qb1 cxd4 14. Nxd4 Rxc1 15. Rxc1 Qa8 16. Bf1 Rc8 17. Rd1 Nc5 18. Nc4 Rd8 19. Qa1 Qb8 20. f3 Ncd7 21. a3 Nf8 22. b4 Ng6 23. Be2 h6 24. Qb1 Nf8 25. Nb5 Rxd1+ 26. Qxd1 Ng6 27. Bd3 a6 28. Nd4 Qc7 29. Qe2 Nf8 30. Nd2 Nd5 31. g3 Nd7 32. e4 Nc3 33. Qf1 Bf6 34. N2b3 Na4 35. Ba1 b5 36. Kg2 Ne5 37. Be2 Nc4 38. Bxc4 bxc4 39. Nc5 Nxc5 40. Qxc4 e5 41. bxc5 exd4 42. Bxd4 Bxd4 43. Qxd4 Bc6 44. h4 Qd7 45. Qc3 Bb5 46. Qc2 Qd3 47. Qxd3 Bxd3 48. Kf2 Kf8 49. Ke3 Bb5 50. Kd4 Ke7 51. Kd5 Kd7 52. f4 Bc6+ 53. Ke5 Bb7 54. h5 Ke7 55. g4 f6+ 56. Kd4 Ke6 57. f5+ Ke7 58. a4 a5 59. e5 Bf3 60. e6 Bxg4 61. Ke4 Bxh5 62. c6 Kd6 0-1

[Event "Swiss Queens Wed #35"]
[Site "FIDE Online Arena INT"]
[Date "2024.09.25"]
[Round "5"]
[White "Blinova, Sofia"]
[Black "Paragua, Megan Althea"]
[Result "0-1"]
[WhiteElo "1729"]
[BlackElo "2190"]
[PlyCount "102"]
[EventDate "2024.09.25"]
[EventType "swiss (blitz)"]
[EventRounds "11"]
[EventCountry "NET"]
[SourceTitle "EXT 2025"]
[Source "ChessBase"]
[SourceDate "2024.10.14"]
[SourceVersion "1"]
[SourceVersionDate "2024.10.14"]
[SourceQuality "1"]

1. e4 c5 2. Nf3 d6 3. d4 cxd4 4. Nxd4 Nf6 5. Nc3 a6 6. Bd3 g6 7. a3 Bg7 8. 0-0 0-0 9. Nde2 b5 10. Be3 Bb7 11. f3 Nbd7 12. a4 b4 13. Na2 a5 14. c3 bxc3 15. Naxc3 Nc5 16. Bb5 Nfd7 17. Rc1 Nb6 18. Bxc5 dxc5 19. Qxd8 Rfxd8 20. Rfd1 e6 21. Kf1 Kf8 22. Ke1 Ke7 23. Rxd8 Rxd8 24. Rd1 Bd4 25. Rd3 e5 26. Nxd4 exd4 27. Ne2 Nd7 28. Rd1 Ne5 29. b3 f5 30. exf5 gxf5 31. Ng3 Kf6 32. Kd2 Bd5 33. Kc2 Nc6 34. Kb2 Na7 35. Bd3 Rb8 36. Bxf5 Bxb3 37. Re1 Be6+ 38. Kc1 Bxf5 39. Nxf5 Kxf5 40. Re7 Nc6 41. Rxh7 c4 42. Rh5+ Ke6 43. Rc5 Ne5 44. Rxa5 c3 45. Ra6+ Kd7 46. Rh6 d3 47. Rh4 d2+ 48. Kc2 Rb2+ 49. Kd1 Rb1+ 50. Kc2 d1Q+ 51. Kxc3 Qd3# 0-1

[Event "Swiss Queens Wed #35"]
[Site "FIDE Online Arena INT"]
[Date "2024.09.25"]
[Round "1"]
[White "Mrudul, Dehankar"]
[Black "Paragua, Megan Althea"]
[Result "0-1"]
[WhiteElo "2036"]
[BlackElo "2190"]
[PlyCount "70"]
[EventDate "2024.09.25"]
[EventType "swiss (blitz)"]
[EventRounds "11"]
[EventCountry "NET"]
[SourceTitle "EXT 2025"]
[Source "ChessBase"]
[SourceDate "2024.10.14"]
[SourceVersion "1"]
[SourceVersionDate "2024.10.14"]
[SourceQuality "1"]

1. e4 c5 2. Nf3 d6 3. d4 cxd4 4. Nxd4 Nf6 5. Nc3 a6 6. Bg5 Nbd7 7. Bc4 Qb6 8. Bb3 e6 9. Qd2 Be7 10. 0-0-0 Nc5 11. f3 Qc7 12. Kb1 b5 13. Bxf6 Bxf6 14. Ndxb5 axb5 15. Nxb5 Qa7 16. Nxa7 Rxa7 17. Qxd6 Be7 18. Qg3 0-0 19. h4 Ba6 20. h5 h6 21. Qe5 Rb7 22. g4 Rfb8 23. f4 Rb5 24. Qd4 Rb4 25. Qf2 Rxe4 26. Rhe1 Reb4 27. f5 Bc4 28. fxe6 Bxe6 29. Rd4 R4b7 30. Qd2 Bf6 31. Rd6 Kh8 32. c3 Bxg4 33. Rc6 Bf5+ 34. Kc1 Nxb3+ 35. axb3 Ra7 0-1

[Event "Swiss Queens Wed #35"]
[Site "FIDE Online Arena INT"]
[Date "2024.09.25"]
[Round "2"]
[White "Paragua, Megan Althea"]
[Black "Padmini, Rout"]
[Result "0-1"]
[WhiteElo "2190"]
[BlackElo "2328"]
[PlyCount "122"]
[EventDate "2024.09.25"]
[EventType "swiss (blitz)"]
[EventRounds "11"]
[EventCountry "NET"]
[SourceTitle "EXT 2025"]
[Source "ChessBase"]
[SourceDate "2024.10.14"]
[SourceVersion "1"]
[SourceVersionDate "2024.10.14"]
[SourceQuality "1"]

1. e4 c5 2. Nf3 Nc6 3. c3 Nf6 4. e5 Nd5 5. d4 cxd4 6. cxd4 d6 7. Bc4 Nb6 8. Bb3 dxe5 9. dxe5 Qxd1+ 10. Bxd1 Bg4 11. Bf4 e6 12. Nc3 Bb4 13. h3 Bxf3 14. Bxf3 Bxc3+ 15. bxc3 Rc8 16. 0-0 Rc7 17. Rfd1 Ne7 18. Be3 0-0 19. Bxb6 axb6 20. Rab1 Ng6 21. Re1 Ra8 22. Rxb6 Rxa2 23. Re3 Ra7 24. g3 Nf8 25. Rd3 g5 26. Bg4 Nd7 27. Rb5 Kg7 28. f4 h6 29. h4 gxf4 30. gxf4 Ra4 31. Rg3 Kf8 32. Bf3 Rxc3 33. Rxb7 Rxf4 34. Rxd7 Rfxf3 35. Rd8+ Ke7 36. Rxf3 Rxf3 37. Rh8 Rf5 38. Rxh6 Rxe5 39. Rh8 Re2 40. Kf1 Ra2 41. Rg8 f5 42. h5 Kf7 43. Rh8 Kg7 44. Re8 Kf6 45. h6 Rh2 46. Rh8 Kg6 47. Re8 Kf7 48. Rh8 Kg6 49. Re8 Kf6 50. Rf8+ Kg5 51. Rg8+ Kf4 52. Rh8 e5 53. Kg1 Rh5 54. h7 e4 55. Kf2 Rh2+ 56. Kf1 e3 57. Ke1 Kf3 58. Kd1 Rh1+ 59. Kc2 e2 60. Rf8 e1Q 61. Rxf5+ Ke4 0-1

[Event "Swiss Queens Wed #35"]
[Site "FIDE Online Arena INT"]
[Date "2024.09.25"]
[Round "11"]
[White "Paragua, Megan Althea"]
[Black "Sachi, Jain"]
[Result "0-1"]
[WhiteElo "2190"]
[BlackElo "2116"]
[PlyCount "66"]
[EventDate "2024.09.25"]
[EventType "swiss (blitz)"]
[EventRounds "11"]
[EventCountry "NET"]
[SourceTitle "EXT 2025"]
[Source "ChessBase"]
[SourceDate "2024.10.14"]
[SourceVersion "1"]
[SourceVersionDate "2024.10.14"]
[SourceQuality "1"]

1. e4 e5 2. Nf3 d6 3. d4 Nd7 4. Bc4 c6 5. Nc3 Be7 6. 0-0 h6 7. Ne2 Ngf6 8. Ng3 Qc7 9. Re1 Nf8 10. dxe5 dxe5 11. b3 Ng6 12. Nf5 0-0 13. Qd2 Nh5 14. Nxh6+ gxh6 15. Qxh6 Nhf4 16. Bxf4 Nxf4 17. Ng5 Bxg5 18. Qxg5+ Kh7 19. Qh4+ Kg7 20. Re3 Ng6 21. Qg5 Qe7 22. Qh5 Rh8 23. Qe2 Qh4 24. h3 Nf4 25. Qd2 Rg8 26. Rg3+ Kh7 27. Qc3 Bxh3 28. gxh3 Nxh3+ 29. Kg2 Nf4+ 30. Kf3 Qh5+ 31. Ke3 Qh6 32. Rag1 Nd5+ 33. Kd3 Nxc3 0-1

[Event "Titled Tuesday intern op 24th Sep Late"]
[Site "Chess.com INT"]
[Date "2024.09.24"]
[Round "2"]
[White "Paragua, Megan Althea"]
[Black "Cieslak, Patryk"]
[Result "0-1"]
[WhiteElo "2190"]
[BlackElo "2374"]
[PlyCount "68"]
[EventDate "2024.09.24"]
[EventType "swiss (blitz)"]
[EventRounds "11"]
[EventCountry "USA"]
[SourceTitle "EXT 2025"]
[Source "ChessBase"]
[SourceDate "2024.10.14"]
[SourceVersion "1"]
[SourceVersionDate "2024.10.14"]
[SourceQuality "1"]

1. e4 g6 2. d4 Bg7 3. Nc3 c6 4. Nf3 d5 5. exd5 cxd5 6. Bb5+ Bd7 7. 0-0 Bxb5 8. Nxb5 Qd7 9. Nc3 Nc6 10. Re1 e6 11. Bf4 Nge7 12. Ne5 Qd8 13. Qd2 0-0 14. Rad1 Nf5 15. Nxc6 bxc6 16. Be5 Bxe5 17. Rxe5 Qa5 18. a3 Rab8 19. g4 Nd6 20. Qh6 Qd8 21. Rd3 Qf6 22. Rh3 Qg7 23. Qh4 Rxb2 24. Ne2 Rxc2 25. Ng3 Kh8 26. g5 Nf5 27. Qg4 Rc4 28. Kg2 Qxe5 29. Rxh7+ Kxh7 30. Qh3+ Kg8 31. dxe5 Rh4 32. Nxf5 Rxh3 33. Ne7+ Kg7 34. Kxh3 c5 0-1

[Event "Titled Tuesday intern op 24th Sep Late"]
[Site "Chess.com INT"]
[Date "2024.09.24"]
[Round "1"]
[White "Paragua, Megan Althea"]
[Black "Pranav, V."]
[Result "1-0"]
[WhiteElo "2190"]
[BlackElo "2609"]
[PlyCount "129"]
[EventDate "2024.09.24"]
[EventType "swiss (blitz)"]
[EventRounds "11"]
[EventCountry "USA"]
[SourceTitle "EXT 2025"]
[Source "ChessBase"]
[SourceDate "2024.10.14"]
[SourceVersion "1"]
[SourceVersionDate "2024.10.14"]
[SourceQuality "1"]

1. e4 e5 2. Nf3 Nc6 3. Bb5 a6 4. Ba4 Nge7 5. d4 exd4 6. Nxd4 Nxd4 7. Qxd4 Nc6 8. Bxc6 bxc6 9. Nc3 d6 10. 0-0 Qf6 11. Qxf6 gxf6 12. Rd1 f5 13. Bf4 fxe4 14. Nxe4 Be7 15. Re1 Be6 16. Bg5 Rg8 17. Bxe7 Kxe7 18. f4 h6 19. Rad1 Kf8 20. Ng3 a5 21. b3 a4 22. Rd2 axb3 23. axb3 Ra2 24. f5 Bd7 25. Rf2 Rg5 26. Ref1 Rg4 27. Re1 c5 28. Nh5 Rg5 29. Nf6 Bxf5 30. h4 Rg6 31. Re8+ Kg7 32. Nh5+ Kh7 33. Rxf5 Rg4 34. Rf8 Rxc2 35. R5xf7+ Kg6 36. Nf4+ Rxf4 37. Rxf4 Rc3 38. Rf3 Rc1+ 39. Kh2 d5 40. Rg8+ Kh7 41. Rfg3 h5 42. R3g7+ Kh6 43. Rg5 Kh7 44. Rf8 d4 45. Rf7+ Kh6 46. Rxc7 d3 47. Rd7 c4 48. bxc4 Rd1 49. Rd6+ Kh7 50. Rxh5+ Kg7 51. Rhd5 d2 52. Rxd2 Re1 53. Rd7+ Kh6 54. R2d6+ Kh5 55. Rh7+ Kg4 56. Rd4+ Kf5 57. g4+ Kg6 58. Rhd7 Kf6 59. g5+ Kg6 60. Kg3 Kf5 61. R7d5+ Kg6 62. Rd6+ Kf5 63. Rf6+ Ke5 64. Rd5+ Ke4 65. Re6# 1-0

[Event "Titled Tuesday intern op 24th Sep Late"]
[Site "Chess.com INT"]
[Date "2024.09.24"]
[Round "10"]
[White "Paragua, Megan Althea"]
[Black "Schulz, Karsten"]
[Result "1-0"]
[WhiteElo "2190"]
[BlackElo "2166"]
[PlyCount "101"]
[EventDate "2024.09.24"]
[EventType "swiss (blitz)"]
[EventRounds "11"]
[EventCountry "USA"]
[SourceTitle "EXT 2025"]
[Source "ChessBase"]
[SourceDate "2024.10.14"]
[SourceVersion "1"]
[SourceVersionDate "2024.10.14"]
[SourceQuality "1"]

1. e4 d6 2. d4 Nf6 3. Nc3 e5 4. Bc4 Be7 5. Nf3 Nbd7 6. 0-0 0-0 7. Bg5 c6 8. a4 a5 9. Re1 h6 10. Bh4 Qc7 11. Bg3 Nh5 12. Nxe5 Nxg3 13. Nxd7 Bxd7 14. hxg3 Bf6 15. Qd2 Qb6 16. e5 Bg5 17. f4 Be7 18. exd6 Bxd6 19. Ne4 Be7 20. c3 Rfe8 21. Re3 Bf8 22. Rae1 Qc7 23. f5 Kh8 24. Bxf7 Re7 25. Bg6 Be8 26. Bxe8 Raxe8 27. Nc5 Rxe3 28. Rxe3 Rxe3 29. Qxe3 Bxc5 30. dxc5 Qd8 31. Qd4 Qg5 32. Qf4 Qe7 33. Qf2 Qe5 34. g4 Kh7 35. g3 Kh8 36. Kh2 Kh7 37. Qc2 Kh8 38. b4 axb4 39. cxb4 Qd4 40. b5 Qxg4 41. bxc6 bxc6 42. a5 Qb4 43. a6 Qa5 44. Qc4 Qd2+ 45. Kh3 Qd1 46. Qe4 Qh5+ 47. Kg2 Qd1 48. a7 Qd2+ 49. Kh3 Qa2 50. Qe8+ Kh7 51. a8Q 1-0

[Event "Titled Tuesday intern op 24th Sep Late"]
[Site "Chess.com INT"]
[Date "2024.09.24"]
[Round "8"]
[White "Paragua, Megan Althea"]
[Black "Yurovskich, Oleksandr"]
[Result "1/2-1/2"]
[WhiteElo "2190"]
[BlackElo "2328"]
[PlyCount "79"]
[EventDate "2024.09.24"]
[EventType "swiss (blitz)"]
[EventRounds "11"]
[EventCountry "USA"]
[SourceTitle "EXT 2025"]
[Source "ChessBase"]
[SourceDate "2024.10.14"]
[SourceVersion "1"]
[SourceVersionDate "2024.10.14"]
[SourceQuality "1"]

1. e4 e6 2. d4 d5 3. exd5 exd5 4. Bd3 Nc6 5. Ne2 Nb4 6. 0-0 Nxd3 7. Qxd3 Nf6 8. Nbc3 Be7 9. Bg5 0-0 10. Ng3 c6 11. Rfe1 Be6 12. Qf3 Qd7 13. h3 h6 14. Bf4 Rfe8 15. Be5 Nh7 16. Nh5 f6 17. Bf4 Bf7 18. Ng3 Bg6 19. Re2 Bb4 20. Rae1 Bxc2 21. Nh5 Bg6 22. Ng3 Ng5 23. Bxg5 hxg5 24. a3 Bd6 25. Na4 Rxe2 26. Rxe2 Re8 27. Rxe8+ Qxe8 28. Qd1 Bxg3 29. fxg3 Qe3+ 30. Kh2 Qf2 31. Nc5 Be4 32. Nxe4 dxe4 33. Qb3+ Kh7 34. Qf7 Qe2 35. g4 e3 36. Qh5+ Kg8 37. Qe8+ Kh7 38. Qh5+ Kg8 39. Qe8+ Kh7 40. Qh5+ 1/2-1/2

[Event "Titled Tuesday intern op 17th Sep Early"]
[Site "Chess,com INT"]
[Date "2024.09.17"]
[Round "2"]
[White "Paragua, Megan Althea"]
[Black "Toshali, V."]
[Result "1-0"]
[WhiteElo "2190"]
[BlackElo "2073"]
[PlyCount "67"]
[EventDate "2024.09.17"]
[EventType "swiss (blitz)"]
[EventRounds "11"]
[EventCountry "USA"]
[SourceTitle "EXT 2025"]
[Source "ChessBase"]
[SourceDate "2024.10.14"]
[SourceVersion "1"]
[SourceVersionDate "2024.10.14"]
[SourceQuality "1"]

1. e4 c6 2. d4 d5 3. exd5 cxd5 4. Bd3 Nc6 5. Ne2 Nf6 6. Bf4 Bg4 7. f3 Bh5 8. h4 Bg6 9. g4 Bxd3 10. Qxd3 e6 11. Nbc3 Bd6 12. 0-0-0 Bxf4+ 13. Nxf4 Qd6 14. Nfe2 a6 15. h5 h6 16. Qe3 Nb4 17. a3 Nc6 18. g5 hxg5 19. Qxg5 Ke7 20. Ng3 Rac8 21. Rhe1 Kd7 22. Na4 Na5 23. Nc5+ Kc6 24. Qxg7 Qf4+ 25. Kb1 Nxh5 26. Nxh5 Rxh5 27. Nd3 Qf5 28. Qg3 Kb6 29. Qd6+ Rc6 30. Qb4+ Ka7 31. Qxa5 Rh2 32. Rd2 Rxd2 33. Qxd2 Qxf3 34. Ne5 1-0

[Event "Swiss Queens Wed #32"]
[Site "FIDE Online Arena INT"]
[Date "2024.09.04"]
[Round "5"]
[White "Huseynova, Lala"]
[Black "Paragua, Megan Althea"]
[Result "0-1"]
[WhiteElo "1984"]
[BlackElo "2190"]
[PlyCount "56"]
[EventDate "2024.09.04"]
[EventType "swiss (blitz)"]
[EventRounds "11"]
[EventCountry "NET"]
[SourceTitle "EXT 2025"]
[Source "ChessBase"]
[SourceDate "2024.10.14"]
[SourceVersion "1"]
[SourceVersionDate "2024.10.14"]
[SourceQuality "1"]

1. e4 c5 2. Nf3 d6 3. d4 cxd4 4. Nxd4 Nf6 5. Nc3 a6 6. Be3 e5 7. Nb3 Be6 8. Qd2 Be7 9. 0-0-0 Ng4 10. g3 Nxe3 11. Qxe3 0-0 12. f4 Nd7 13. Nd5 Bxd5 14. Rxd5 Nf6 15. Rd1 Qc7 16. Rd2 Rfc8 17. Bh3 Rd8 18. Rhd1 b5 19. c3 a5 20. fxe5 dxe5 21. Rxd8+ Rxd8 22. Rxd8+ Qxd8 23. Bf1 Ng4 24. Qd3 Qb6 25. Qxb5 Qe3+ 26. Nd2 Qe1+ 27. Kc2 Ne3+ 28. Kb3 Qd1# 0-1

[Event "Swiss Queens Wed #32"]
[Site "FIDE Online Arena INT"]
[Date "2024.09.04"]
[Round "11"]
[White "Ismayil, Malak"]
[Black "Paragua, Megan Althea"]
[Result "0-1"]
[WhiteElo "2167"]
[BlackElo "2190"]
[PlyCount "88"]
[EventDate "2024.09.04"]
[EventType "swiss (blitz)"]
[EventRounds "11"]
[EventCountry "NET"]
[SourceTitle "EXT 2025"]
[Source "ChessBase"]
[SourceDate "2024.10.14"]
[SourceVersion "1"]
[SourceVersionDate "2024.10.14"]
[SourceQuality "1"]

1. e4 c5 2. Nf3 e6 3. c3 d5 4. exd5 exd5 5. Bb5+ Bd7 6. Bxd7+ Qxd7 7. 0-0 Nc6 8. Re1+ Be7 9. d4 cxd4 10. Nxd4 Nf6 11. Qe2 Nxd4 12. cxd4 Rc8 13. Bg5 Rc6 14. Bxf6 Rxf6 15. Nc3 Re6 16. Qf3 Bb4 17. Rxe6+ fxe6 18. Ne2 Rf8 19. Qd3 g6 20. Rc1 Bd6 21. g3 Kf7 22. f4 Rc8 23. Rxc8 Qxc8 24. Kf2 Qc4 25. Qxc4 dxc4 26. Ke3 Ke7 27. Nc3 Kd7 28. Ne4 Be7 29. a4 a6 30. Nd2 b5 31. axb5 axb5 32. Nf3 Bf6 33. g4 Kd6 34. g5 Bg7 35. Ke4 Kc6 36. Nd2 Bh8 37. Nf1 b4 38. Ne3 Kb5 39. h4 Bg7 40. Kf3 Bxd4 41. Nd1 Ka4 42. Ke4 Bg7 43. Ne3 Kb3 44. f5 exf5+ 0-1